00599nam a22002057a 45000010009000000050017000090080041000260200015000670400013000820820017000951000023001122450017001352500012001522600049001643000012002135000010002255000137002359420006003729990015003781402932220241003002028.0050314s2005 ce 000 0 eng  a9558095877 aDLCcDLC 222a812bRAM1 aRamakrishna, Hema.10aSanctuary! / a1st ed. aColombo :bVijitha Yapa Publications,c2005. a86 p. ; aPlay. aSubtitle: A play in six scenes, with a prologue delivered by the trees of the forest, and an epilogue delivered by Narada, the sage. cL c5923d5923